000 01245nam a2200253Ia 4500
999 _c56045
_d56045
001 23145
003 GE_BSU
005 20230718103022.0
008 181216s1996||||ge |||||||||||||| ||geo||
040 _cGE_BSU
041 _ageo
080 _a821.111-31 უ-13
100 _aუაილდი, ოსკარ
_919403
245 _aდორიან გრეის პორტრეტი :
_bრომანი /
_cოსკარ უაილდი ; ინგლ. თარგმნა თამარ მაღრაძემ ; რედ. ნ. გუჯაბიძე.
264 _aთბილისი :
_bნაკადული,
_c1996.
300 _a320 გვ. ;
_c20 სმ.
490 _aბიბლიოთეკა ყმაწვილთათვის. მსოფლიო ლიტერატურის ბიბლიოთეკა ახალგაზრდებისათვის
541 _h8 ლ.
653 _aდორიან გრეის პორტრეტი
653 _aრომანი
700 _aმაღრაძე, თამარ
_eთარგმანი
_95525
700 _aგუჯაბიძე, ნ.
_eრედაქტორი
_919404
942 _cBK
_2udc